[Event "45th Dortmund Meeting"]
[Site "Dortmund GER"]
[Date "2017.07.22"]
[Round "6"]
[White "Wang Yue"]
[Black "Kramnik, Vladimir"]
[WhiteElo "2699"]
[BlackElo "2812"]
[Result "1/2-1/2"]
[EventDate "2017.07.15"]
[PlyCount "80"]

1.d4 Nf6 2.c4 e6 3.Nf3 d5 4.Nc3 Be7 5.Bg5 h6 6.Bh4 O-O 7.e3 Nbd7 8.Qc2 c5 
9.cxd5 cxd4 10.Nxd4 Nxd5 11.Bxe7 Nxe7 12.Be2 Nf6 13.O-O Bd7 14.Rfd1 Qb6 
15.Qb3 Qxb3 16.axb3 a5 17.Bf3 Bc6 18.Nxc6 bxc6 19.Ra3 Rab8 20.Kf1 g5 21.
Rc1 Rfd8 22.Ke1 Rb4 23.Bd1 Ng6 24.Rxa5 Rh4 25.h3 g4 26.hxg4 Nxg4 27.Rca1 
Rh1+ 28.Ke2 Rg1 29.Ra8 Rxa8 30.Rxa8+ Kg7 31.g3 N6e5 32.Ra4 Rh1 33.Rf4 f5 
34.Kd2 h5 35.Be2 Rg1 36.Nd1 Nf6 37.Nc3 Rg2 38.Ke1 Rg1+ 39.Kd2 Nfg4 40.Nd1 
Nf6 1/2-1/2

[Event "45th Dortmund Meeting"]
[Site "Dortmund GER"]
[Date "2017.07.23"]
[Round "7"]
[White "Fedoseev, Vladimir"]
[Black "Wang Yue"]
[WhiteElo "2726"]
[BlackElo "2699"]
[Result "1-0"]
[EventDate "2017.07.15"]
[PlyCount "77"]

1.e4 e5 2.Bc4 Nf6 3.d3 Nc6 4.Nf3 Bc5 5.O-O d6 6.c3 Be6 7.Bxe6 fxe6 8.b4 
Bb6 9.Nbd2 a6 10.a4 Qd7 11.Ba3 Ba7 12.b5 Na5 13.Bb4 Bb6 14.Rb1 O-O 15.d4 
exd4 16.cxd4 axb5 17.axb5 Rfd8 18.Qe2 d5 19.e5 Ne4 20.Nxe4 dxe4 21.Qxe4 
Qd5 22.Qc2 Qc4 23.Rfc1 Qxc2 24.Rxc2 Rd5 25.Be1 Rf8 26.Rb4 Rf5 27.h4 h6 28.
Bd2 Rf8 29.Ra2 Kf7 30.Bc3 Ra8 31.Nd2 Ke7 32.Nf1 Ra7 33.Ne3 Rd8 34.Rc2 Rc8 
35.h5 Raa8 36.Ra2 Ra7 37.Ra1 Rca8 38.Rab1 Rg8 39.Kf1 {and Black didn't 
want to continue with his losing position, so he resigned. A great 
positional game by Fedoseev!} 1-0

[Event "45th Dortmund Meeting"]
[Site "Dortmund GER"]
[Date "2017.07.23"]
[Round "7"]
[White "Wojtaszek, Radoslaw"]
[Black "Nisipeanu, Liviu-Dieter"]
[WhiteElo "2736"]
[BlackElo "2683"]
[Result "1-0"]
[EventDate "2017.07.15"]
[PlyCount "81"]

1.d4 Nf6 2.c4 e6 3.Nc3 Bb4 4.Qc2 d6 5.Bd2 Nc6 6.Nf3 O-O 7.a3 Bxc3 8.Bxc3 
Qe7 9.e3 a5 10.Be2 e5 11.dxe5 dxe5 12.h3 Rd8 13.O-O e4 14.Nd4 Nxd4 15.Bxd4
c5 16.Bc3 a4 17.f4 Bd7 18.f5 Bc6 19.Rf4 Rd6 20.Raf1 Rad8 21.Qc1 Nd7 22.f6 
Nxf6 23.Qe1 Ne8 24.Rxf7 Qxf7 25.Rxf7 Kxf7 26.Qg3 Nf6 27.Qe5 Rd2 28.Bxd2 
Rxd2 29.Kf1 Rc2 30.Ke1 Rc1+ 31.Kd2 Rg1 32.g4 h6 33.h4 g5 34.hxg5 hxg5 35.
Qxg5 Bd7 36.Qxc5 Bxg4 37.Bxg4 Rxg4 38.Qc7+ Ke6 39.Qxb7 Rg2+ 40.Kc3 Re2 41.
Qc8+ {The whole line is probably unfavourable for Black.} 1-0